000 00486pam a2200157a 44500
008 230515b1974 xxu||||| |||| 00| 0 eng d
020 _aNULL
041 _aENGLISH
082 _a630
100 _aIS:2720-1974
245 _aMETHODS OF TEST FOR SOILS PART-14 DETERMINATION DENSITY INDEX OF COHESION LESS SOILS PART - XXII DETERMINATION OF DRY DENSITY OF SOILS IN PLACE BY THE SAND REPLACEMENT METHOD
250 _a0
260 _aDELHI
_bISI
_c1974
300 _a26
650 _aNULL
999 _c652618
_d652618